000 00483nam a2200181 a 4500
001 1770285651782
003 YourLibrary
005 20260205153740.0
008 260205s2005##################000#0#eng##
020 _a9780728204591
082 0 4 _a333.330285
_bNOR
100 1 _aNorwood, Graham,
_eauthor.
245 1 0 _a21st Century Estate Agency :
260 _bEstate Gazette,
_c2005.
650 0 _aReal estate agents.
942 _cENGLISH
040 _aYourLibrary
_beng
_cYourLibrary
999 _c610374
_d610374